000 00801nam a2200289Ia 4500
005 20260324122047.0
008 008 260324s9999 xx 000 0 eng d
020 _a9780203072707
037 _aEBOOK
040 _aCRL
040 _beng
040 _cCRL
041 _2eng
041 _aeng
084 _qCRL
100 _aJohn M.T. Balmer; Laura Illia; Almudena González del Valle Brena
_91164958
245 0 _aContemporary Perspectives on Corporate Marketing
245 0 _bContemplating Corporate Branding, Marketing and Communications in the 21st Century
260 _bTaylor and Francis
260 _c2013
365 _a
365 _b240
856 _uhttp://www.taylorfrancis.com/books/9780203072707
942 _cEBOOK
999 _c1757432
_d1757432